Adult education in a multicultural society.

Uloženo v:
Podrobná bibliografie
Hlavní autor: Cassara, Beverly B. ed, (autor)
Médium: Kniha
Jazyk:angličtina
Témata:
Tagy: Přidat tag
Žádné tagy, Buďte první, kdo vytvoří štítek k tomuto záznamu!

MARC

LEADER 00000nam^a2200000^u^4500
001 000510031
005 20250521000000.0
008 091126s1000^^^^^^^^^^^^r^^^^^000^0^spa^d
009 20260310130117.634
022 |a 0415036445 
035 |a FCE 000054240 
037 |a Acervo ITESO - Biblioteca 
041 |a eng 
082 0 |a 374.973  |b A48 
100 |a Cassara, Beverly B.,  |e ed  |e (autor) 
245 1 0 |a Adult education in a multicultural society. 
264 |a London ; New York :  |b Routledge,  |c 1990. 
300 |a 236 p. 
336 |a texto  |b txt  |2 rdacontenido 
337 |a sin mediación  |b n  |2 rdamedio 
338 |a volumen  |b nc  |2 rdasoporte 
649 |a XX 
650 |a Educación de adultos 
650 |a Educación multicultural 
650 |a Multiculturalismo 
910 |a Fondo Centro de Estudios Educativos 
920 |a Impresos - Libros 
930 |a Fondos Especiales 
905 |a 133 
901 |a ALE067598  |b IT2  |c CEE  |u 20250521 
902 |a https://opac.biblio.iteso.mx/vufind/Record/000510031